00792nam a2200241Ia 4500003000400000005001700004008004100021020002200062040000700084041000800091082001600099100002600115245004000141260005600181300001700237365001300254650003500267650002800302906004100330942001200371999001900383952014800402OSt20230511140516.0210423s2012 xx 000 0 und d a978-81-89866-36-5 cAL aeng a363.73 PANT aPANI (Balram)9103040 aTextbook of environmental chemistry aNew DelhibI K International Publishing Housec2012 axix,554pbPB b265cINR aEnvironmental Problems9103041 aSocial Problems9103042 achemistry ; environmental ; Textbook 2ddccBK c165994d165994 001040708ACaSACPGbSACPGd2014-11-03esuper book services, Bangaloreg265.00l0o363.73 PANTpPG012493r2022-08-24 00:00:00w2021-04-26yBK